000 00419nam a2200157Ia 4500
008 100122s9999 xx 000 0 und d
082 _b47507
_a823
100 _aदेसाई रणजित
245 _aअभोगी
250 _a2
260 _bमेहता पब्लिकेशन हाऊस
_c1993
300 _a244
630 _aअभोगी
730 _aअभोगी
942 _cBOOK
999 _c426324
_d426321